| 000 | 00621nam a2200229Ia 4500 | ||
|---|---|---|---|
| 003 | OSt | ||
| 005 | 20260305160413.0 | ||
| 008 | 210210b1921 xxu||||| |||| 00| 0 eng d | ||
| 040 | _cAL | ||
| 041 | _aHindi | ||
| 082 | _a863/108 | ||
| 100 |
_abhasa _dभाषा _9257867 |
||
| 245 |
_aMahavir charit _bमहावीर चरितम |
||
| 260 |
_aPrAyAg _b- _c1921 |
||
| 650 |
_aMahAvir _9257868 |
||
| 650 |
_acharit: _9257869 |
||
| 650 |
_abhAsa _9257870 |
||
| 690 |
_aHindi Drama _9257871 |
||
| 700 |
_aLALA (Sitaram) _dलाला (सीताराम) tr. _9257872 |
||
| 906 | _a023485 | ||
| 942 |
_2ddc _cBK |
||
| 999 |
_c148455 _d148455 |
||